000 00938nam a2200277 4500
999 _c8874
_d8874
003 BD-JhCC
005 20180712121405.0
008 701016s1969 nyua 001 0 eng
035 _a(BD-JhCC)
040 _aDLC
_cDLC
_dDLC
_dBD-JhCC
041 _aeng
050 0 0 _aQA331.5
_b.S65
082 0 0 _a517/.52
_bSPI 1969
100 1 _aSpiegel, Murray R.
245 1 0 _aSchaum's outline of theory and problems of real variables;
_bLebesgue measure and integration with applications to Fourier series /
_cby Murray R. Spiegel.
260 _aNew York,
_bMcGraw-Hill
_c[c1969]
300 _a194 p.
_billus.
_c28 cm.
490 0 _aSchaum's outline series
500 _aOn spine: Real variables.
650 0 _aFunctions of real variables
_xProblems, exercises, etc.
650 0 _aMeasure theory
_xProblems, exercises, etc.
650 0 _aIntegrals
_xProblems, exercises, etc.
740 _aReal variables.
942 _2ddc
_cBK